| 000 | 00692nam a22002177a 4500 | ||
|---|---|---|---|
| 090 | _c10198 | ||
| 008 | 080925t xxu||||| |||| 00| 0 eng d | ||
| 020 | _a11675357 | ||
| 082 |
_222 _a530 _bEUR |
||
| 110 |
_9565 _aEuropean Optical Society. |
||
| 245 |
_aJena 99: _bDiffractive Optics,V.12 / _cEuropean Optical Society. |
||
| 260 |
_aJena, Germany: _bEuropean Optical Society, _cc.1999. |
||
| 300 |
_a291p: _bill; _c31cm. |
||
| 440 |
_9569 _aTopical Meetings Digest Series. _nV.22. |
||
| 500 | _aIncludes Index. | ||
| 650 |
_9570 _aPhysics |
||
| 942 |
_2ddc _cBB _hRDA-MOD |
||
| 999 |
_c10198 _d10198 |
||
| 336 |
_2rdacontent _atext _btxt |
||
| 337 |
_aunmediated _2rdamedia _bn |
||
| 338 |
_avolume _bnc _2rdacarrier |
||